LEADER 01236nam a2200277 u 4500 001 000000078201 003 CaOOAMICUS 005 20070226123414.0 008 040330s1967 it u000 u ita u 035 $a10988931 040 $aPUL(R)$bita 100 1 $aSegalla, Giuseppe.$0(OLS)http://pul/name/12129 245 13$aLa conversione eucaristica in S. Ambrogio /$cGiueseppe Segalla. 260 $aPadova :$bTipografia del Seminario,$c1967. 300 $a74 p. ;$c24 cm 500 $aIn testa al front.: "Pontificia Università Lateranense. Facoltà Teologica". 500 $a"Estratto della Tesi di Laurea". 502 $aDiss. (Doct.) -- Pontificia Università Lateranense. 504 $aInclude bibliografia. 600 04$aAmbrosius,$cs., vesc. di Milano,$dc. 340-397.$0(OLS)http://pul/subject/2062 650 4$aConversione.$0(OLS)http://pul/subject/4403 850 $aPUL 852 $aPUL$W1$xDP1 Tesi Pon Univ. Lateranense$y41$mTH PUL.THEOL 144$j100317$nBK-PRI$b $qTesi$B100317$CPULBib$Z2$F100317 $HPUL31638 $81 941 1 $a16 996 $6245$aLa conversione eucaristica in S. Ambrogio$9(OLS)http://pul/title/102471 996 $6260$aPadova :$bTipografia del Seminario$9(OLS)http://pul/publisher/49820 LEADER 01694nam a2200349 u 4500 001 000000012684 003 CaOOAMICUS 005 20141110183354.0 008 940517s1991 it u000 u ita u 020 $a8806125923 035 $a10305643 040 $aPUL(R)$bita 100 1 $aMiccoli, Giovanni,$d1933-2017.$0(OLS)http://pul/name/5196 245 10$aFrancesco d'Assisi :$brealtà e memoria di un'esperienza cristiana /$cGiovanni Miccoli. 260 $aTorino :$bEinaudi,$c1991. 300 $axiii, 309 p.$c20 cm 490 1 $aEinaudi paperbacks ;$v217 600 04$aFranciscus Assisiensis,$cs.,$d1182-1226.$0(OLS)http://pul/subject/518 610 24$aFrancescani$xStoria.$0(OLS)http://pul/subject/29234 830 0$aEinaudi paperbacks ;$v217.$0(OLS)http://pul/title/11587 850 $aPUL 852 $aPUL$W1$xDP1 Altre Collocazioni$y17$mSenza collocazione$j12$nBK-PRI$b $qStampati$B17900$CPULBib$Z2$F17900 $H $81 852 $aPUL$W1$xDP1 Fondo Maccarrone$y58$m1508 F 39$j17899$nBK-PRI$b $qFondi$B17899$CPULBib$Z2$F17899 $H $81 852 $aPUL$W1$xDP1 Fondo Capitani$y116$m1 A 86. 217$j162252$qFondi$B161750$CPULBib$Z2$F161750 $HCap880 $82 941 1 $a1 941 1 $a8 960 $aFrancesco d'Assisi,$cs.,$d1182-1226$9518 961 $aINV: 02450 -- Fondo Mons. M. Maccarrone 961 $aNota ms. di possesso : Capitani. 996 $6020$a8806125923$9(OLS)http://pul/number/16223 996 $6245$aFrancesco d'Assisi :$brealtà e memoria di un'esperienza cristiana$9(OLS)http://pul/title/18356 996 $6260$aTorino :$bEinaudi$9(OLS)http://pul/publisher/48130